Les villes les plus peuplées de Provence-Alpes-Côte d'Azur - Statistiques

Statistiques générales
  • Ce quiz a été pris 847 fois
  • Le résultat moyen est 13 sur 20
Statistiques - réponses
Population Ville % Correct
797 491 Marseille
99%
343 123 Nice
99%
160 712 Toulon
95%
67 406 Cannes
92%
134 324 Aix-en-Provence
90%
85 937 Avignon
87%
72 454 Antibes
75%
36 269 Gap
68%
50 467 Arles
67%
46 770 Fréjus
66%
51 412 Hyères
66%
42 681 Aubagne
57%
43 579 Martigues
57%
43 848 Grasse
53%
60 070 La Seyne-sur-Mer
51%
38 983 Istres
50%
37 098 Salon-de-Provence
44%
43 929 Cagnes-sur-Mer
38%
36 739 Vitrolles
37%
41 940 Le Cannet
25%
Aucun quiz correspondant
Distribution des résultats
% des personnes avec chaque résultat
Percentile par nombre de réponses
Votre historique - résultats
Vous n’avez pas pris ce quiz